Rasch Modelling to Assess Psychometric Validation of the Knowledge about Tuberculosis Questionnaire (KATUB-Q) for the General Population in Indonesia

Objective: This study aims to validate and evaluate the psychometric properties of the knowledge about tuberculosis questionnaire (KATUB-Q) for the general population in Indonesia. Methods: The KATUB-Q consists of three domains: general knowledge, transmission, and treatment, with 20 dichotomous ite...

Teljes leírás

Elmentve itt :
Bibliográfiai részletek
Szerzők: Kusuma Ikhwan Yuda
Triwibowo Deny Nugroho
Pratiwi Arik Dian Eka
Pitaloka Dian Ayu Eka
Dokumentumtípus: Cikk
Megjelent: 2022
Sorozat:INTERNATIONAL JOURNAL OF ENVIRONMENTAL RESEARCH AND PUBLIC HEALTH 19 No. 24
Tárgyszavak:
doi:10.3390/ijerph192416753

mtmt:33379264
Online Access:http://publicatio.bibl.u-szeged.hu/25860
LEADER 02262nab a2200253 i 4500
001 publ25860
005 20221221091123.0
008 221221s2022 hu o 0|| Angol d
022 |a 1661-7827 
024 7 |a 10.3390/ijerph192416753  |2 doi 
024 7 |a 33379264  |2 mtmt 
040 |a SZTE Publicatio Repozitórium  |b hun 
041 |a Angol 
100 1 |a Kusuma Ikhwan Yuda 
245 1 0 |a Rasch Modelling to Assess Psychometric Validation of the Knowledge about Tuberculosis Questionnaire (KATUB-Q) for the General Population in Indonesia  |h [elektronikus dokumentum] /  |c  Kusuma Ikhwan Yuda 
260 |c 2022 
300 |a 12 
490 0 |a INTERNATIONAL JOURNAL OF ENVIRONMENTAL RESEARCH AND PUBLIC HEALTH  |v 19 No. 24 
520 3 |a Objective: This study aims to validate and evaluate the psychometric properties of the knowledge about tuberculosis questionnaire (KATUB-Q) for the general population in Indonesia. Methods: The KATUB-Q consists of three domains: general knowledge, transmission, and treatment, with 20 dichotomous items. Rasch analysis through WINSTEPS was used. Results: A total of 504 respondents from 34 provinces in Indonesia completed the survey. Based on the model fit statistics, 3 misfit items were deleted and 17 items were used. Item and person reliability, as well as Cronbach’s Alpha values were 0.99, 0.63, and 0.73, respectively, which means they achieved the minimum acceptable limit of 0.6. Based on the results, Indonesia’s Person ability analysis indicated a high level of knowledge. KATUB-Q has no significant bias item based on sex found in the differential item functioning analysis. Conclusion: KATUB-Q has 17 items with a valid and reliable instrument; hence, it can be used to measure the knowledge about TB in the general population. Practice implications: The unidimensional structure of the core items of the KATUB-Q provides empirical evidence for using the sum score of the items in practice to evaluate the effectiveness of TB education in the general population. 
650 4 |a Általános orvostudomány 
700 0 1 |a Triwibowo Deny Nugroho  |e aut 
700 0 1 |a Pratiwi Arik Dian Eka  |e aut 
700 0 1 |a Pitaloka Dian Ayu Eka  |e aut 
856 4 0 |u http://publicatio.bibl.u-szeged.hu/25860/1/ijerph-19-16753.pdf  |z Dokumentum-elérés